000 00551nam a2200205Ia 4500
005 20250508151416.0
008 008 250505s9999 xx 000 0 eng d
037 _aTextual
040 _aFEDL
_beng
_cFEDL
041 _aeng
_2eng
084 _a372.3, THO
_qFEDL
100 _aThornhill Patrick
_9759066
245 0 _aAir we breathe
260 _aLondon, UK
_bMethuen and Co. Ltd
_c1953
300 _a75p
490 _aLife and science
650 _aTeaching Teachnique
942 _cTEXL
_h372.3, THO
999 _c1329601
_d1329601